| 000 | 01079nam a2200277Ia 4500 | ||
|---|---|---|---|
| 003 | OSt | ||
| 005 | 20200718003534.0 | ||
| 008 | 191128s1993 ck fr 000 0 spa d | ||
| 020 | _a958901271X | ||
| 040 |
_aCO-JMCR _cCO-JMCR |
||
| 041 | 0 | _aspa | |
| 082 | 0 | 4 |
_a338.986 / _bB748n _223 |
| 100 | 1 |
_aBotero, Libardo, _eautor _97514 |
|
| 245 | 1 | 0 |
_aNeoliberalismo y subdesarrollo : _bun análisis crítico de la apertura económica / _cLibardo Botero, Jorge Child, Carlos Naranjo [y otros 2] |
| 250 | _aCuarta edición | ||
| 260 |
_aBogotá : _bEl Áncora, _c1993 |
||
| 300 |
_a187 páginas ; _c20 cm. |
||
| 505 | 0 | _aApertura económica y reforma laboral -- Apertura y privatización -- La apertura económica y el agro -- El modelo económico de la apertura -- Evaluación y perspectivas de la apertura | |
| 650 | 1 | 4 |
_aApertura económica _92295 |
| 650 | 1 | 4 |
_aPolítica económica _97515 |
| 650 | 1 | 4 |
_aProblemas sociales _97516 |
| 650 | 1 | 4 |
_aPrivatización _92272 |
| 700 | 1 |
_aChild, Jorge, _eautor _92313 |
|
| 700 | 1 |
_aNaranjo, Carlos, _eautor _97517 |
|
| 942 |
_2ddc _cBK |
||
| 999 |
_c5613 _d5613 |
||